PENGURUSAN sumber alam tropika

Bibliographic Details
Other Authors: Abibullah Hj. Samsudin
Format: Book
Published: Kuala Lumpur : DBP , 1999
Subjects:

MARC

LEADER 00000cam a2200000 7i4500
001 0000000027
005 20000623.0
020 0 0 |a 9836258108 
090 0 0 |a 333.7   |b PEN 1999 
245 0 0 |a PENGURUSAN sumber alam tropika   |c penyelaras Abibullah Hj. Samsudin 
260 0 0 |a Kuala Lumpur :   |b DBP ,   |c 1999 
300 |a xii, 155 p. :   |b ill. ;   |c 22 cm. 
500 0 0 |a Includes index 
650 0 0 |a Natural resources 
700 0 1 |a Abibullah Hj. Samsudin 
999 |a 0000001210   |b Monograph   |c Open Shelf   |e Default branch 
999 |a 0000001211   |b Monograph   |c Open Shelf   |e Default branch